00744cam a2200205 a 4500001000400000003001000004005001700014008004100031020001700072040002500089080001800114100003500132245018800167260003800355300002000393504002500413650002700438650004700465650002600512510BR-CuiBMT20231114183804.0231108b2019 mgb 000 0 por d a978502143326 aBR-CuiBMTcBR-CuiBMT 22007a343.35210aMarin, Tâmera Padoin Marques02aA lei anticorrupção e o acordo de leniência :buma análise do regime geral para celebração desse instrumento /cTâmera Padoin Marques Marin ; prefácio, Emerson Garcia. aBelo Horizonte :bFórum,c2019. a201 p. ;c22 cm aInclui bibliografia. aDireito administrativo aCrime contra a administração pública aLei anticorrupção